000 00294nam a2200133Ia 4500
008 191201s2007 xx 000 0 und d
082 _a658.15
_bBRC
100 _aBruner
245 0 _aCase Studies in Finance
260 _aN.Delhi
_c2007
_bTMH
300 _a-
650 _aMBA
942 _2ddc
_cBK
999 _c2970
_d2970